000
00310nam a22001457a 4500
008
230324b ||||| |||| 00| 0 eng d
020
_a
6317530
041
_a
eng
080
_a
030
082
_a
030
100
_a
19
101
_a
MEDIA
245
_a
JOURNALISTS IN ACTION
_c
BARRETT.W.E.D
942
_2
udc
_c
BK
999
_c
59438
_d
59438